000 00491nam a2200181Ia 4500
005 20250508160912.0
008 008 250505s9999 xx 000 0 eng d
037 _aTextual
040 _aFEDL
_beng
_cFEDL
041 _aeng
_2eng
084 _aB, VIV
_qFEDL
100 _aMazumdar Amiya Kumar
245 0 _aUnderstanding Vivekananda
260 _aCalcutta, India
_bSanskrit Pustak Bhandar
_c1972
300 _aii,97p
942 _cTEXL
_hB, VIV
999 _c1367292
_d1367292